000 00618nam a2200229Ia 4500
005 20241129115536.0
008 241129s9999||||xx |||||||||||||| ||und||
020 _a9783319740720
037 _aTB
040 _aSDCL
_beng
_cSDCL
041 _aeng
_2eng
084 _aB32 Q7
_qSDCL
100 _aLax Peter D.; Terrell Maria Shea
_9727711
245 0 _aMultivariable calculus with applications
260 _aCham
_bSpringer
_c2017
300 _aviii,483p.
365 _aINR
_b0
490 _aUndergraduate texts in mathematics
650 _aGift
942 _cTB
_hB32 Q7
999 _c1230903
_d1230903